| 000 | 00534nam a2200193 a 4500 | ||
|---|---|---|---|
| 005 | 20210219154117.0 | ||
| 008 | 020830s1993 ea r 000 0 eng d | ||
| 020 | _a047155028 | ||
| 035 | _aUPN01000118799 | ||
| 049 | _aCG | ||
| 050 | 4 |
_aQA278 _bR4.7 |
|
| 100 | 1 | _aRetherford, Robert D. | |
| 245 | 1 | 0 |
_aStatistical models for causal analysis / _cRobert D. Retherford, Minja Kin Choe. |
| 260 |
_aNew York : _bJohn Wiley, _c1993. |
||
| 300 | _a258 p. | ||
| 500 | _aFotocopia | ||
| 700 | 1 |
_aChoe, Minja Kim, _ecoaut. |
|
| 905 | _aLibro | ||
| 999 |
_c91162 _d91162 |
||